000 00645nam a2200193 i 4500
001 62113
003 ES-MaACL
007 t|
008 031118s1974 sp ||||1| spa d
100 1 _aFaure-Soulet, J. F.
_948970
245 1 0 _aEconomía política y progreso en el siglo de las luces /
_cJ.F. Faure-Soulet ; prefacio de P. Harsin ; [traducción de J. Gallifa].
260 _a[Madrid] :
_bRevista de Trabajo,
_c[1974]
300 _a428 p. ;
_c20 cm.
700 1 _aHarsin, P.
_961954
700 1 _aGallifa, J.
_953624
852 _aES-MaACL
_jL-7897
_bR.107380
852 _aES-MaACL
_jL-13608
_bR.117229
_z. - rust.
999 _c62113
_d62113